[Event "GER Cup Net Final-B U2000"]
[Site "Playchess.com INT"]
[Date "2020.06.06"]
[Round "2"]
[White "Schmitt, Carsten1111"]
[Black "Lucas, Michael"]
[Result "0-1"]
[WhiteElo "1738"]
[BlackElo "1863"]
[PlyCount "114"]
[EventDate "2020.06.06"]
[EventType "swiss (blitz)"]
[EventRounds "13"]
[EventCountry "GER"]
[SourceTitle "CBM 197 Extra"]
[Source "ChessBase"]
[SourceDate "2020.09.30"]
[SourceVersion "1"]
[SourceVersionDate "2020.09.30"]
[SourceQuality "1"]

1. c4 Nf6 2. g3 g6 3. Bg2 Bg7 4. Nc3 0-0 5. e4 d6 6. Nge2 c5 7. d3 Nc6 8. 0-0 Ne8 9. h3 Nc7 10. f4 Ne6 11. g4 Ned4 12. f5 a6 13. Ng3 Rb8 14. Be3 b5 15. Qd2 bxc4 16. dxc4 Bd7 17. Rab1 Ne5 18. b3 e6 19. Bg5 f6 20. Bh6 Qe7 21. fxe6 Bxe6 22. Nd5 Bxd5 23. exd5 Bxh6 24. Qxh6 Qg7 25. Qxg7+ Kxg7 26. Ne4 Rbd8 27. g5 f5 28. Nf6 Rb8 29. Rbe1 h6 30. h4 Rf7 31. Re3 a5 32. Rfe1 a4 33. Rxe5 dxe5 34. Rxe5 axb3 35. axb3 hxg5 36. hxg5 Rxb3 37. d6 Rb8 38. Bd5 Rxf6 39. gxf6+ Kxf6 40. Re7 Rd8 41. Rf7+ Ke5 42. d7 g5 43. Re7+ Kd6 44. Rg7 g4 45. Rg6+ Kxd7 46. Rg7+ Kd6 47. Rg6+ Ke5 48. Kf2 Rb8 49. Kg3 Rb3+ 50. Kh4 Kf4 51. Bg2 Rc3 52. Rf6 Rxc4 53. Kh5 Rc2 54. Bd5 Rd2 55. Kg6 g3 56. Rf8 g2 57. Re8 g1Q+ 0-1

[Event "GER Cup Net V2 U2000"]
[Site "Playchess.com INT"]
[Date "2020.05.22"]
[Round "4"]
[White "Weidenhoefer, Max"]
[Black "Lucas, Michael"]
[Result "0-1"]
[WhiteElo "1735"]
[BlackElo "1899"]
[PlyCount "76"]
[EventDate "2020.05.22"]
[EventType "swiss (blitz)"]
[EventRounds "9"]
[EventCountry "GER"]
[SourceTitle "EXT 2021"]
[Source "ChessBase"]
[SourceDate "2020.10.23"]
[SourceVersion "1"]
[SourceVersionDate "2020.10.23"]
[SourceQuality "1"]

1. e4 c5 2. Nf3 Nc6 3. d4 cxd4 4. Nxd4 Nf6 5. Nc3 d6 6. f3 e6 7. Be3 a6 8. Qd2 Be7 9. 0-0-0 Qc7 10. g4 0-0 11. g5 Nd7 12. f4 Rb8 13. f5 Nxd4 14. Bxd4 Ne5 15. Rg1 Nf3 16. Qf2 Nxd4 17. Qxd4 Rd8 18. f6 Bf8 19. g6 fxg6 20. h4 gxf6 21. Qxf6 Bg7 22. Qf3 b5 23. h5 Qf7 24. Qg3 b4 25. Nb1 Be5 26. hxg6 hxg6 27. Qh4 Bd7 28. Qh6 Bf4+ 29. Nd2 Bxh6 30. Rh1 Kg7 31. Bd3 Bb5 32. Rdg1 Bxd3 33. cxd3 Qf4 34. Rg2 Rbc8+ 35. Kd1 Qxd2+ 36. Rxd2 Bxd2 37. Kxd2 Rf8 38. Rh2 Rf1 0-1

[Event "GER-ch Net Amateur Gr-A Vor3"]
[Site "Playchess.com INT"]
[Date "2020.04.16"]
[Round "4"]
[White "Lucas, Michael"]
[Black "Promyshlyanskiy, Vitaliy"]
[Result "1-0"]
[WhiteElo "1921"]
[BlackElo "2052"]
[PlyCount "137"]
[EventDate "2020.04.16"]
[EventType "swiss (blitz)"]
[EventRounds "9"]
[EventCountry "GER"]
[SourceTitle "CBM 195 Extra"]
[Source "ChessBase"]
[SourceDate "2020.05.31"]
[SourceVersion "1"]
[SourceVersionDate "2020.05.31"]
[SourceQuality "1"]

1. d4 Nc6 2. Nf3 d6 3. Bf4 g6 4. h3 Bg7 5. e3 e5 6. Bh2 Qe7 7. c3 f5 8. Be2 Nf6 9. 0-0 0-0 10. b4 e4 11. Nfd2 g5 12. b5 Nd8 13. a3 Kh8 14. c4 Ne6 15. Nc3 Bd7 16. a4 a5 17. bxa6 Rxa6 18. Qc2 Rfa8 19. Ra2 Qe8 20. Nb5 d5 21. Rfa1 f4 22. cxd5 Nxd5 23. Qb3 c6 24. Nd6 Qe7 25. Nf5 Qf8 26. Nxg7 Nxg7 27. Nxe4 Rb6 28. Qc4 fxe3 29. Bf3 Rb4 30. Qc1 exf2+ 31. Rxf2 Nf4 32. Qc3 Rbxa4 33. Raf1 Ra3 34. Qc1 Ra1 35. Qxa1 Rxa1 36. Rxa1 Nf5 37. Nxg5 Nxd4 38. Be4 Nfe2+ 39. Kf1 Qe8 40. Nf7+ Kg8 41. Nd6 Qd8 42. Be5 Be6 43. Nxb7 Qc8 44. Nc5 Bxh3 45. gxh3 Qxh3+ 46. Bg2 Ng3+ 47. Bxg3 Qxg3 48. Re1 Kg7 49. Ne6+ Kg6 50. Nxd4 Qd3+ 51. Ne2 c5 52. Bf3 c4 53. Rg2+ Kf6 54. Kf2 c3 55. Nf4 Qd4+ 56. Kg3 c2 57. Re6+ Kf7 58. Rc6 c1Q 59. Rxc1 Qe5 60. Rf1 Ke7 61. Bg4 Qe3+ 62. Kh4 Kd6 63. Re2 Qd4 64. Re6+ Kc5 65. Rc1+ Kb5 66. Be2+ Ka5 67. Ra6+ Kb4 68. Rc4+ Qxc4 69. Bxc4 1-0

[Event "Schleswig Holstein-ch VM"]
[Site "Eckernfoerde"]
[Date "2016.03.23"]
[Round "6"]
[White "Lucas, Michael"]
[Black "Moeller, Dustin"]
[Result "1/2-1/2"]
[WhiteElo "2068"]
[BlackElo "1962"]
[PlyCount "35"]
[EventDate "2016.03.19"]
[EventType "swiss"]
[EventRounds "9"]
[EventCountry "GER"]
[SourceTitle "EXT 2018"]
[Source "ChessBase"]
[SourceDate "2017.10.13"]
[SourceVersion "1"]
[SourceVersionDate "2017.10.13"]
[SourceQuality "1"]

1. d4 Nf6 2. c4 e6 3. Nf3 Bb4+ 4. Bd2 a5 5. Bxb4 axb4 6. g3 b6 7. Bg2 Bb7 8. 0-0 d6 9. a3 Nbd7 10. Nbd2 bxa3 11. b3 0-0 12. Ra2 Ne4 13. Qc2 Nxd2 14. Qxd2 Qe7 15. Rfa1 d5 16. Qc1 dxc4 17. bxc4 c5 18. Rxa3 1/2-1/2

[Event "Schleswig Holstein-ch VM"]
[Site "Eckernfoerde"]
[Date "2016.03.22"]
[Round "5"]
[White "Hoffmann, Joachim"]
[Black "Lucas, Michael"]
[Result "1/2-1/2"]
[WhiteElo "1866"]
[BlackElo "2068"]
[PlyCount "24"]
[EventDate "2016.03.19"]
[EventType "swiss"]
[EventRounds "9"]
[EventCountry "GER"]
[SourceTitle "EXT 2018"]
[Source "ChessBase"]
[SourceDate "2017.10.13"]
[SourceVersion "1"]
[SourceVersionDate "2017.10.13"]
[SourceQuality "1"]

1. Nf3 Nf6 2. g3 b6 3. Bg2 Bb7 4. 0-0 e6 5. c4 Be7 6. d4 0-0 7. Nc3 d5 8. Ne1 c5 9. dxc5 bxc5 10. Bg5 h6 11. Bxf6 Bxf6 12. Qb3 Qb6 1/2-1/2

[Event "Norderstedt op"]
[Site "Norderstedt"]
[Date "2013.03.29"]
[Round "3"]
[White "Retzlaff, Wolfgang"]
[Black "Lucas, Michael"]
[Result "0-1"]
[WhiteElo "1755"]
[BlackElo "2086"]
[PlyCount "116"]
[EventDate "2013.03.28"]
[EventType "swiss"]
[EventRounds "9"]
[EventCountry "GER"]
[SourceTitle "EXT 2015"]
[Source "ChessBase"]
[SourceDate "2014.11.20"]
[SourceVersion "1"]
[SourceVersionDate "2014.11.20"]
[SourceQuality "1"]

1. c4 Nf6 2. Nc3 g6 3. d4 d5 4. cxd5 Nxd5 5. e4 Nxc3 6. bxc3 Bg7 7. Nf3 0-0 8. Bc4 c5 9. e5 Nc6 10. 0-0 Qc7 11. Qe2 Bg4 12. Bd5 Rad8 13. Bxc6 Qxc6 14. Be3 Bxf3 15. gxf3 b6 16. Rad1 cxd4 17. cxd4 Rd5 18. Rc1 Qe6 19. Rfd1 Ra5 20. Rc2 f6 21. f4 Rd8 22. Kg2 Kf7 23. Rdd2 Rd7 24. Kg3 h5 25. h4 Rdd5 26. Rb2 Qd7 27. f3 Ra3 28. Rdc2 Bh6 29. Rb3 Ra4 30. Rc4 Rda5 31. Rxa4 Rxa4 32. a3 Qd5 33. Qb2 Bf8 34. Rb4 Rxb4 35. axb4 a6 36. Bd2 Qc4 37. Qc3 Qxc3 38. Bxc3 Ke6 39. Kf2 Kd5 40. Ke3 Kc4 41. Be1 f5 42. Ke2 e6 43. Kd1 Be7 44. Kc2 b5 45. d5 exd5 46. Kb2 Kd3 47. Kb3 d4 48. Bf2 Bf8 49. Bg1 Be7 50. Bf2 Ke2 51. Bxd4 Kxf3 52. Bc5 Bxh4 53. Kc3 Kxf4 54. Kd4 Bd8 55. e6 h4 56. e7 Bxe7 57. Bxe7 Kg3 58. Bg5 h3 0-1

[Event "Norderstedt op"]
[Site "Norderstedt"]
[Date "2013.03.28"]
[Round "1"]
[White "Schumann, Rabea"]
[Black "Lucas, Michael"]
[Result "0-1"]
[WhiteElo "1400"]
[BlackElo "2086"]
[PlyCount "88"]
[EventDate "2013.03.28"]
[EventType "swiss"]
[EventRounds "9"]
[EventCountry "GER"]
[SourceTitle "EXT 2015"]
[Source "ChessBase"]
[SourceDate "2014.11.20"]
[SourceVersion "1"]
[SourceVersionDate "2014.11.20"]
[SourceQuality "1"]

1. c4 g6 2. g3 Bg7 3. Bg2 d6 4. Nc3 Nf6 5. Nf3 0-0 6. 0-0 Nc6 7. d4 a6 8. a3 Rb8 9. e3 Bg4 10. h3 Bd7 11. Kh2 e5 12. dxe5 dxe5 13. Qc2 Re8 14. b3 h6 15. Bb2 Bf5 16. e4 Be6 17. Rad1 Qc8 18. Nd5 Nd7 19. Rd2 Nd8 20. Rfd1 c6 21. Nc3 g5 22. g4 f6 23. Ne2 Nf8 24. Ng3 Ng6 25. Nf5 Bf8 26. Nd6 Bxd6 27. Rxd6 Nf7 28. R6d2 Nf4 29. Ne1 h5 30. f3 Kg7 31. Nd3 Rh8 32. Kg1 Qf8 33. Bf1 Rh6 34. Nxf4 gxf4 35. Rh2 hxg4 36. hxg4 Rxh2 37. Qxh2 Ng5 38. Qf2 Rd8 39. Rxd8 Qxd8 40. Kg2 Qd1 41. b4 Qb3 42. c5 Nxf3 43. Bc1 Ng5 44. Qe2 f3+ 0-1

[Event "Pardubice Czech op-B 21st"]
[Site "Pardubice"]
[Date "2010.07.24"]
[Round "2"]
[White "Sveshnikov, Vladimir"]
[Black "Lucas, Michael"]
[Result "1-0"]
[WhiteElo "2391"]
[BlackElo "2076"]
[PlyCount "85"]
[EventDate "2010.07.23"]
[EventType "swiss"]
[EventRounds "9"]
[EventCountry "CZE"]
[SourceTitle "CBM 137 Extra"]
[Source "ChessBase"]
[SourceDate "2010.09.01"]
[SourceVersion "1"]
[SourceVersionDate "2010.09.01"]
[SourceQuality "1"]

1. e4 c5 2. c3 d5 3. exd5 Qxd5 4. d4 Nf6 5. Nf3 e6 6. Na3 cxd4 7. Nb5 Qd8 8. Qxd4 Qxd4 9. Nfxd4 Na6 10. Bf4 Nd5 11. Bg3 Bc5 12. Be2 0-0 13. 0-0 Bd7 14. Bf3 Rac8 15. Rfd1 Bxd4 16. Nxd4 b5 17. Nf5 exf5 18. Rxd5 Bc6 19. Rxf5 Bxf3 20. gxf3 Rc5 21. Rf4 Nb8 22. Rd4 Nc6 23. Rd7 Rc8 24. Re1 h6 25. Kg2 a5 26. Re4 f6 27. h4 h5 28. Rb7 Kh7 29. a4 bxa4 30. Rxa4 Kg6 31. Ra1 Nd8 32. Rb6 Nc6 33. Rd1 Re8 34. Rb7 Ne5 35. Rd6 Nc4 36. Rdd7 Re2 37. Rxg7+ Kf5 38. Rh7 Rd5 39. Rxh5+ Ke6 40. Rxd5 Kxd5 41. h5 Ne3+ 42. Kh3 Nf5 43. Rb6 1-0

[Event "Oberliga Nord N 0910"]
[Site "Germany"]
[Date "2010.03.21"]
[Round "8.7"]
[White "Grahl, Arvid"]
[Black "Lucas, Michael"]
[Result "1-0"]
[WhiteElo "2206"]
[BlackElo "2116"]
[PlyCount "79"]
[EventDate "2009.10.18"]
[EventType "team-tourn"]
[EventRounds "9"]
[EventCountry "GER"]
[SourceTitle "EXT 2011"]
[Source "ChessBase"]
[SourceDate "2010.11.26"]
[SourceVersion "1"]
[SourceVersionDate "2010.11.26"]
[SourceQuality "1"]
[WhiteTeam "Schwerin"]
[BlackTeam "Hamburger SK"]
[WhiteTeamCountry "GER"]
[BlackTeamCountry "GER"]

1. d4 Nf6 2. Nf3 g6 3. c4 c5 4. d5 b5 5. cxb5 a6 6. bxa6 Bxa6 7. Nc3 d6 8. e4 Bxf1 9. Kxf1 Bg7 10. h3 0-0 11. Kg1 Nbd7 12. Kh2 Ne8 13. Re1 Nc7 14. Bf4 Nb6 15. Qe2 Qd7 16. Rad1 Na4 17. e5 Rfb8 18. Rd2 Nxc3 19. bxc3 Qf5 20. Qe4 Qxe4 21. Rxe4 Ne8 22. Rde2 h6 23. exd6 exd6 24. c4 Bf8 25. R4e3 Nf6 26. Rb3 Rxb3 27. axb3 Rb8 28. Nd2 g5 29. Be3 Nd7 30. Re1 Bg7 31. Rb1 f5 32. g3 Kf7 33. Kg2 Bc3 34. f4 Kg6 35. Kf3 Nf6 36. g4 Rb7 37. gxf5+ Kxf5 38. fxg5 hxg5 39. Rg1 Bxd2 40. Rxg5# 1-0

[Event "Oberliga Nord N 0910"]
[Site "Germany"]
[Date "2009.11.29"]
[Round "3.6"]
[White "Rieck Perschonke, Ingvar"]
[Black "Lucas, Michael"]
[Result "1/2-1/2"]
[WhiteElo "2074"]
[BlackElo "2116"]
[PlyCount "61"]
[EventDate "2009.10.18"]
[EventType "team-tourn"]
[EventRounds "9"]
[EventCountry "GER"]
[SourceTitle "EXT 2011"]
[Source "ChessBase"]
[SourceDate "2010.11.26"]
[SourceVersion "1"]
[SourceVersionDate "2010.11.26"]
[SourceQuality "1"]
[WhiteTeam "Neumuenster"]
[BlackTeam "Hamburger SK"]
[WhiteTeamCountry "GER"]
[BlackTeamCountry "GER"]

1. Nf3 Nf6 2. g3 g6 3. Bg2 Bg7 4. 0-0 0-0 5. d3 d6 6. c4 e5 7. Nc3 Nc6 8. Rb1 a5 9. a3 Re8 10. Bg5 h6 11. Bxf6 Bxf6 12. Nd5 Bg7 13. Nd2 Nd4 14. e3 Ne6 15. b4 axb4 16. axb4 c6 17. Nc3 Qc7 18. Nb3 Bd7 19. Qd2 Kh7 20. Rfc1 f5 21. b5 Nc5 22. bxc6 bxc6 23. d4 Nxb3 24. Rxb3 exd4 25. exd4 Reb8 26. Rxb8 Qxb8 27. Rb1 Qa7 28. Rd1 Qa3 29. h4 h5 30. Re1 Re8 31. Rxe8 1/2-1/2

[Event "Hamburg Junge op"]
[Site "Hamburg"]
[Date "2005.10.08"]
[Round "8"]
[White "Koster, Wim"]
[Black "Lucas, Michael"]
[Result "0-1"]
[WhiteElo "2243"]
[BlackElo "2071"]
[PlyCount "98"]
[EventDate "2005.10.01"]
[EventType "swiss"]
[EventRounds "9"]
[EventCountry "GER"]
[SourceTitle "CBM 108 Extra"]
[Source "ChessBase"]
[SourceDate "2005.11.04"]
[SourceVersion "1"]
[SourceVersionDate "2005.11.04"]
[SourceQuality "1"]

1. e4 c5 2. d4 cxd4 3. c3 dxc3 4. Nxc3 e6 5. Nf3 d6 6. Bc4 Nc6 7. 0-0 a6 8. Bf4 Nf6 9. Qd2 Nh5 10. Be3 Be7 11. Rac1 0-0 12. Bb3 Na5 13. Nd4 Nxb3 14. Nxb3 Bd7 15. f4 b5 16. e5 dxe5 17. fxe5 f5 18. Nc5 Bxc5 19. Bxc5 Rf7 20. g4 b4 21. Nb1 Qh4 22. gxh5 Bc6 23. Qf4 Qxh5 24. Be3 Bd5 25. Rc5 Rd7 26. Nd2 h6 27. Nc4 g5 28. Qg3 Bxc4 29. Rxc4 Rad8 30. Qf3 Qg6 31. Rfc1 f4 32. Bb6 Rf8 33. Rc8 Rdf7 34. Rxf8+ Rxf8 35. Bf2 g4 36. Qb3 h5 37. Qxb4 g3 38. hxg3 h4 39. Qe7 hxg3 40. Bc5 Rf7 41. Qe8+ Kg7 42. Be7 Qh5 43. Bf6+ Kg6 44. Qg8+ Kf5 45. Bh4 Rd7 46. Bxg3 Rd1+ 47. Rxd1 Qxd1+ 48. Kg2 f3+ 49. Kh2 Qe2+ 0-1

[Event "Hamburg Junge op"]
[Site "Hamburg"]
[Date "2005.10.04"]
[Round "4"]
[White "Lucas, Michael"]
[Black "Flohr, Marco"]
[Result "1-0"]
[WhiteElo "2071"]
[BlackElo "1817"]
[PlyCount "123"]
[EventDate "2005.10.01"]
[EventType "swiss"]
[EventRounds "9"]
[EventCountry "GER"]
[SourceTitle "CBM 108 Extra"]
[Source "ChessBase"]
[SourceDate "2005.11.04"]
[SourceVersion "1"]
[SourceVersionDate "2005.11.04"]
[SourceQuality "1"]

1. d4 e6 2. Nf3 b6 3. c4 Bb4+ 4. Nbd2 Nf6 5. a3 Be7 6. e4 d6 7. Bd3 Bb7 8. 0-0 h6 9. Qe2 Nh7 10. b3 Nd7 11. Bb2 g5 12. e5 g4 13. Ne1 Ng5 14. Ne4 f5 15. exf6 Nxf6 16. Nxg5 hxg5 17. Qxe6 Qd7 18. Bg6+ Kd8 19. Qxd7+ Kxd7 20. Bf5+ Kd8 21. d5 Bc8 22. Bd3 Rf8 23. Nc2 Nd7 24. Nd4 Ne5 25. Nc6+ Nxc6 26. dxc6 Bf5 27. Rad1 Ke8 28. Rfe1 Rf7 29. Bxf5 Rxf5 30. Re4 Kf7 31. Rde1 Bf8 32. Rxg4 Re8 33. Rxe8 Kxe8 34. h4 gxh4 35. Rxh4 d5 36. cxd5 Bd6 37. Rd4 Re5 38. g4 Re2 39. Bc3 Bxa3 40. Kf1 Rc2 41. Re4+ Kf7 42. Be5 Rc5 43. Bxc7 Rxd5 44. Bg3 b5 45. c7 Rc5 46. Kg2 Rc6 47. Re2 a5 48. Bf4 Bb4 49. Re4 Bc5 50. Re5 b4 51. Rh5 a4 52. bxa4 b3 53. Rh3 b2 54. Rb3 Bd4 55. Kf3 Rc2 56. Ke4 Bg7 57. a5 Ke7 58. a6 Rc4+ 59. Kd5 Rc3 60. Rxc3 Bxc3 61. c8Q b1Q 62. Qb7+ 1-0